000 00592nam a2200241Ia 4500
005 20250425161817.0
008 250425s9999 xx 000 0 und d
020 _a140157352
041 _aspa
082 _a158.5
100 _aFISHER, ROGER
245 0 _aGETTING TO YES: NEGOTIATING AGREEMENT WITHOUT GIVING IN
250 _a2A ED.
260 _aEstados Unidos
_bPENGUIN BOOKS
_c1991
260 _aNEW YORK
300 _a200
650 _aANALISIS (GENERAL)
650 _aCOOPERACION
650 _aNEGOCIACION
710 _aA PENGUIN BOOK
942 _c01
010 _a30627
999 _c216575
_d216575